<?xml version="1.0" encoding="UTF-8"?>
<record
    xmlns:xsi="http://www.w3.org/2001/XMLSchema-instance"
    xsi:schemaLocation="http://www.loc.gov/MARC21/slim http://www.loc.gov/standards/marcxml/schema/MARC21slim.xsd"
    xmlns="http://www.loc.gov/MARC21/slim">

  <leader>01658cam a22003494a 4500</leader>
  <controlfield tag="001">  </controlfield>
  <controlfield tag="003">DO-SdBNP</controlfield>
  <controlfield tag="005">20210803102429.0</controlfield>
  <controlfield tag="008">000322s2001    pr a     b   s001 0 spa  </controlfield>
  <datafield tag="010" ind1=" " ind2=" ">
    <subfield code="a"> </subfield>
  </datafield>
  <datafield tag="020" ind1=" " ind2=" ">
    <subfield code="a">0847736105 (v. 5, t. 3)</subfield>
  </datafield>
  <datafield tag="040" ind1=" " ind2=" ">
    <subfield code="a">BPMSU </subfield>
    <subfield code="b">spa</subfield>
    <subfield code="c">BPMSU </subfield>
  </datafield>
  <datafield tag="082" ind1=" " ind2=" ">
    <subfield code="a"> PR868 </subfield>
    <subfield code="b">H831p 2001</subfield>
    <subfield code="2">22</subfield>
  </datafield>
  <datafield tag="100" ind1="1" ind2=" ">
    <subfield code="a">Hostos, Eugenio Mar&#xED;a de,</subfield>
    <subfield code="d">1839-1903.</subfield>
    <subfield code="9">5</subfield>
  </datafield>
  <datafield tag="245" ind1="1" ind2="0">
    <subfield code="a">Obras completas /</subfield>
    <subfield code="c">Eugenio Mar&#xED;a de Hostos ; compilaci&#xF3;n por Vivian Quiles-Calder&#xED;n ; pr&#xF3;logo por Juan Mari Br&#xE1;s</subfield>
  </datafield>
  <datafield tag="250" ind1=" " ind2=" ">
    <subfield code="a">Ed. cr&#xED;tica</subfield>
  </datafield>
  <datafield tag="260" ind1=" " ind2=" ">
    <subfield code="a">San Juan, P.R. :</subfield>
    <subfield code="b">Instituto de Estudios Hostosianos ;</subfield>
    <subfield code="b">Universidad de Puerto Rico,</subfield>
    <subfield code="c">2001.</subfield>
  </datafield>
  <datafield tag="300" ind1=" " ind2=" ">
    <subfield code="a">v. :</subfield>
    <subfield code="b">ils. ;</subfield>
    <subfield code="c">24 cm.</subfield>
  </datafield>
  <datafield tag="490" ind1="0" ind2=" ">
    <subfield code="a">Am&#xE9;rica</subfield>
  </datafield>
  <datafield tag="500" ind1="0" ind2=" ">
    <subfield code="a">Incluye referencias bibliogr&#xE1;ficas y notas al pie de las p&#xE1;ginas </subfield>
  </datafield>
  <datafield tag="500" ind1="0" ind2=" ">
    <subfield code="a">Incluye &#xED;ndice </subfield>
  </datafield>
  <datafield tag="504" ind1=" " ind2=" ">
    <subfield code="a"> </subfield>
  </datafield>
  <datafield tag="505" ind1="0" ind2=" ">
    <subfield code="a"> vol. 1. Literatura: pt. 1. La peregrinaci&#xF3;n de Bayo&#xE1;n; pt.2. Cuento. Teatro. Poes&#xED;a. Ensayo; pt.3. Cr&#xED;tica; pt. 4 La tela de ara&#xF1;a .-- vol. 2. Diario: pt. 1. 1866-1869. -- vol. 3. Epistolario: pt. 1. Epistolario (1865-1878)-- vol. 5. Puerto Rico Madre Isla : pt. 1. -- v.6. Educaci&#xF3;n: pt. 1. Ciencia de la pedagog&#xED;a. -- vol. 8. Sociolog&#xED;a: pt. 1. Tratado de sociolog&#xED;a. -- vol. 9. Filosof&#xED;a: pt. 1. Tratado de moral.</subfield>
  </datafield>
  <datafield tag="590" ind1=" " ind2=" ">
    <subfield code="6">Inventariado, 2021/VM</subfield>
  </datafield>
  <datafield tag="600" ind1="1" ind2="4">
    <subfield code="a">Hostos, Eugenio Mar&#xED;a de,</subfield>
    <subfield code="d">1839-1903.</subfield>
    <subfield code="x">Cr&#xED;tica e interpretaci&#xF3;n   </subfield>
  </datafield>
  <datafield tag="650" ind1=" " ind2="4">
    <subfield code="a">Ensayos puertorrique&#xF1;os</subfield>
  </datafield>
  <datafield tag="700" ind1="1" ind2=" ">
    <subfield code="a">Quiles Calder&#xED;n, Vivian.</subfield>
    <subfield code="e">comp.</subfield>
  </datafield>
  <datafield tag="700" ind1="1" ind2=" ">
    <subfield code="a"> Br&#xE1;s, Juan Mari</subfield>
    <subfield code="e">pr&#xF3;l. </subfield>
  </datafield>
  <datafield tag="710" ind1="2" ind2=" ">
    <subfield code="a">Instituto de Estudios Hostosianos (San Juan de Puerto Rico )</subfield>
  </datafield>
  <datafield tag="910" ind1=" " ind2=" ">
    <subfield code="a">VMateo V</subfield>
  </datafield>
  <datafield tag="942" ind1=" " ind2=" ">
    <subfield code="2">ddc</subfield>
    <subfield code="c">BK</subfield>
  </datafield>
  <datafield tag="952" ind1=" " ind2=" ">
    <subfield code="0">0</subfield>
    <subfield code="1">0</subfield>
    <subfield code="2">ddc</subfield>
    <subfield code="4">0</subfield>
    <subfield code="7">0</subfield>
    <subfield code="8">CG</subfield>
    <subfield code="a">BPMET</subfield>
    <subfield code="b">BPMET</subfield>
    <subfield code="d">2021-08-03</subfield>
    <subfield code="e">Editorial de la Universidad de Puerto Rico </subfield>
    <subfield code="o">BPMSU CG PR868  H831p 2001</subfield>
    <subfield code="p">BPMSU21080002</subfield>
    <subfield code="r">2021-08-03</subfield>
    <subfield code="t">v.5</subfield>
    <subfield code="w">2021-08-03</subfield>
    <subfield code="y">BK</subfield>
  </datafield>
  <datafield tag="952" ind1=" " ind2=" ">
    <subfield code="0">0</subfield>
    <subfield code="1">0</subfield>
    <subfield code="2">ddc</subfield>
    <subfield code="4">0</subfield>
    <subfield code="7">0</subfield>
    <subfield code="8">CG</subfield>
    <subfield code="a">BPMET</subfield>
    <subfield code="b">BPMET</subfield>
    <subfield code="d">2021-08-03</subfield>
    <subfield code="e">Editorial de la Universidad de Puerto Rico </subfield>
    <subfield code="l">0</subfield>
    <subfield code="o">BPMSU CG PR868  H831p 2001</subfield>
    <subfield code="p">BPMSU21080003</subfield>
    <subfield code="r">2021-08-03</subfield>
    <subfield code="t">v.5, e.2</subfield>
    <subfield code="w">2021-08-03</subfield>
    <subfield code="y">BK</subfield>
  </datafield>
  <datafield tag="952" ind1=" " ind2=" ">
    <subfield code="0">0</subfield>
    <subfield code="1">0</subfield>
    <subfield code="2">ddc</subfield>
    <subfield code="4">0</subfield>
    <subfield code="7">0</subfield>
    <subfield code="8">CG</subfield>
    <subfield code="a">BPMET</subfield>
    <subfield code="b">BPMET</subfield>
    <subfield code="d">2021-08-03</subfield>
    <subfield code="e">Editorial de la Universidad de Puerto Rico </subfield>
    <subfield code="l">0</subfield>
    <subfield code="o">BPMSU CG PR868  H831p 2001</subfield>
    <subfield code="p">BPMSU21080004</subfield>
    <subfield code="r">2021-08-03</subfield>
    <subfield code="t">v.5, e.3</subfield>
    <subfield code="w">2021-08-03</subfield>
    <subfield code="y">BK</subfield>
  </datafield>
  <datafield tag="999" ind1=" " ind2=" ">
    <subfield code="c">13610</subfield>
    <subfield code="d">13610</subfield>
  </datafield>
</record>
